00538nam a2200181Ia 450000500170000000800410001702000180005808200150007610000180009124500290010926000600013830000130019865000110021165000180022294200060024095200950024699900150034120241014070013.0240331s9999 xx 000 0 und d a955955906911X bRANa820  aRanasinghe, A 0aDesire and other stories aColombobEnglish Writers Cooperative of Sri Lankac1994 a144 p ., a Poems aShort Stories cL 001040708LaWERCLbWERCLcSSCd2024-03-31l0o 820 RANp3407r2024-03-31w2024-03-31yL c4350d4350